Loading...
| Science - Physics | 1 | 3 | 1 | 1 | 40 | 16 | 87.75 | 2 | 4 | 0.00 | 0.00 |
| Geography | 1 | 2 | 0 | 0 | 35 | 64 | 92.67 | 3 | 3 | 4.73 | 33.33 |
| Science - Chemistry | 0 | 3 | 0 | 0 | 30 | 107 | 113.00 | 3 | 3 | 4.55 | 25.00 |
| Current Events | 1 | 2 | 1 | 1 | 30 | 54 | 98.33 | 1 | 3 | 14.42 | 60.00 |
| Other Academic | 0 | 3 | 1 | 1 | 25 | 96 | 129.67 | 1 | 3 | 0.00 | 0.00 |
| Science - Other | 1 | 1 | 1 | 1 | 20 | 43 | 87.00 | 2 | 2 | 5.95 | 15.48 |
| History - European | 1 | 0 | 0 | 0 | 15 | 61 | 61.00 | 1 | 1 | 0.00 | 0.00 |
| History - World | 0 | 2 | 1 | 2 | 15 | 140 | 140.50 | 1 | 2 | 0.00 | 0.00 |
| Religion | 1 | 0 | 1 | 0 | 10 | 80 | 80.00 | 1 | 1 | 1.98 | 7.14 |
| Social Science | 0 | 1 | 0 | 0 | 10 | 83 | 83.00 | 0 | 1 | 0.00 | 0.00 |
| History - Other | 0 | 1 | 0 | 1 | 10 | 157 | 157.00 | 0 | 1 | 1.51 | 10.71 |
| Fine Arts - Painting and Sculpture | 0 | 1 | 0 | 0 | 10 | 135 | 135.00 | 0 | 1 | 0.00 | 0.00 |
| Fine Arts - Classical Music | 0 | 1 | 0 | 0 | 10 | 109 | 109.00 | 0 | 1 | 0.00 | 0.00 |
| Philosophy | 0 | 1 | 1 | 0 | 5 | 111 | 111.00 | 1 | 1 | 0.00 | 0.00 |
| Science - Math | 0 | 0 | 1 | 0 | -5 | 0.00 | 0 | 0 | 0.00 | 0.00 | |
| Science - Biology | 0 | 0 | 1 | 0 | -5 | 0.00 | 0 | 0 | 2.56 | 7.14 | |
| Fine Arts - Other | 0 | 0 | 1 | 0 | -5 | 0.00 | 0 | 0 | 4.01 | 12.00 |